000 00451nam a2200181Ia 4500
001 24849
005 20260414151111.0
008 260414t2006||||xx |||||||||||||| ||spa||
041 _aESP
082 _a346
_bL13 I-1
100 _aLacruz Berdejo, José Luis
_eAUT
245 0 _aElementos de derecho civil. :
_bparte general. Introducción
260 _c2006
300 _a
_c24 cm.
650 _aDER
654 _aCDE
942 _cLIB
_dJUS
_fJUS
_2ddc
_n
999 _c24849
_d24849